<?xml version="1.0" encoding="UTF-8"?>
<marc:record xmlns:marc="http://www.loc.gov/MARC21/slim">
   <marc:leader>00000nam a2200000 a 4500</marc:leader>
   <marc:datafield ind1="1" ind2=" " tag="100">
      <marc:subfield code="a">Popa, Kathleen</marc:subfield>
      <marc:subfield code="4">aut</marc:subfield>
      <marc:subfield code="e">Verfasser/-in</marc:subfield>
   </marc:datafield>
   <marc:datafield ind1="1" ind2=" " tag="100">
      <marc:subfield code="a">Popa, Kathleen</marc:subfield>
   </marc:datafield>
   <marc:datafield ind1=" " ind2=" " tag="653">
      <marc:subfield code="a">Softcover / Belletristik/Erzählende Literatur</marc:subfield>
   </marc:datafield>
   <marc:datafield ind1=" " ind2=" " tag="653">
      <marc:subfield code="a">Erzählende Literatur</marc:subfield>
   </marc:datafield>
   <marc:datafield ind1="0" ind2="0" tag="245">
      <marc:subfield code="a">Charlottes Fest</marc:subfield>
   </marc:datafield>
   <marc:datafield ind1="0" ind2="0" tag="245">
      <marc:subfield code="b">Roman</marc:subfield>
   </marc:datafield>
   <marc:datafield ind1="0" ind2="0" tag="245">
      <marc:subfield code="c">Kathleen Popa.</marc:subfield>
   </marc:datafield>
   <marc:datafield ind1=" " ind2="1" tag="264">
      <marc:subfield code="a">Asslar</marc:subfield>
      <marc:subfield code="b">GerthMedien</marc:subfield>
      <marc:subfield code="c">2013</marc:subfield>
   </marc:datafield>
   <marc:datafield ind1=" " ind2=" " tag="250">
      <marc:subfield code="a">1. Aufl.</marc:subfield>
   </marc:datafield>
   <marc:datafield ind1="1" ind2=" " tag="520">
      <marc:subfield code="a">Angaben aus der Verlagsmeldung

Charlottes Fest : Roman The Feast of Saint Bertie / von Kathleen Popa

Als Charlotte von der Beerdigung ihres Mannes zurückkommt, findet sie ihr Haus bis auf die Grundmauern niedergebrannt vor. Sie spürt, dass jetzt der Moment gekommen ist, ihr Leben komplett neu zu überdenken und auszurichten. Es zieht sie für eine Zeit lang in eine Berghütte, weitab von Komfort, Zwängen und Ablenkung. Nur sie. Und Gott.

Doch alles hinter sich zu lassen, erweist sich als nicht so einfach: Ungeklärte Konflikte mit ihrem Sohn, eine überbesorgte Freundin und die neuen Nachbarn beeinträchtigen Charlottes Rückzugsbemühungen. Bis sie tatsächlich von Gott hört – und feststellt, dass sie schon mittendrin ist in ihrem neuen Leben ....
</marc:subfield>
   </marc:datafield>
   <marc:datafield ind1=" " ind2=" " tag="020">
      <marc:subfield code="a">9783865917881</marc:subfield>
      <marc:subfield code="9">9783865917881</marc:subfield>
   </marc:datafield>
   <marc:datafield ind1=" " ind2=" " tag="041">
      <marc:subfield code="a">ger</marc:subfield>
   </marc:datafield>
   <marc:datafield ind1=" " ind2=" " tag="300">
      <marc:subfield code="a">398 S.</marc:subfield>
   </marc:datafield>
</marc:record>
